[Event "11th Sinquefield Cup"]
[Site "Saint Louis USA"]
[Date "2024.08.26"]
[Round "7.2"]
[White "Abdusattorov, Nodirbek"]
[Black "So, W.."]
[Result "1-0"]
[WhiteElo "2762"]
[BlackElo "2751"]
[PlyCount "75"]
[EventDate "2024.08.19"]

1. d4 Nf6 2. c4 e6 3. Nc3 Bb4 4. e3 c5 5. Nge2 d5 6. a3 Ba5 7. dxc5 dxc4 8. Bd2 O-O 9. Ng3 b6 10. Bxc4 bxc5 11. O-O Nbd7 12. Qc2 Bb7 13. Rfd1 h5 14. h3 $146 ({RR} 14. Nge4 Rb8 15. Rab1 Qc7 16. Ng5 Ba8 17. Bf1 c4 18. Ne2 Rb5 19. Bxa5 Rxa5 20. h4 Rc8 21. Nf4 Nf8 22. Rbc1 Rc5 23. Rd4 c3 24. b4 e5 25. bxc5 exd4 26. Bc4 dxe3 27. fxe3 Qxc5 28. Qxc3 Nd5 {Giri,A (2764)-Duda,J (2731) chess24.com INT 2022 ½-½ (58)}) 14... h4 15. Nge4 Nxe4 16. Nxe4 Bxe4 17. Qxe4 Nf6 18. Qc2 Qb6 19. Qa4 Bxd2 20. Rxd2 Rad8 21. Rc2 Qb7 22. Be2 Qe4 23. Rc4 Qf5 24. Rac1 Rd2 25. Rxc5 e5 26. R5c2 Rfd8 27. Qa5 Ne4 28. Bf3 R8d6 29. Qb4 Rxc2 30. Rxc2 Ng5 31. Qxd6 Nxf3+ 32. gxf3 Qxc2 33. Qb8+ Kh7 34. Qxe5 g6 35. Qd4 Kg8 36. Qd8+ Kg7 37. Qxh4 Qxb2 38. Qd4+ 1-0

[Event "WR Chess Masters 2023"]
[Site "Dusseldorf GER"]
[Date "2023.02.25"]
[Round "9.3"]
[White "Abdusattorov, Nodirbek"]
[Black "So, W.."]
[Result "1/2-1/2"]
[WhiteElo "2734"]
[BlackElo "2766"]
[PlyCount "137"]
[EventDate "2023.02.16"]

1. d4 Nf6 2. c4 e6 3. Nc3 Bb4 4. e3 c5 5. a3 Bxc3+ 6. bxc3 O-O 7. Bd3 Nc6 8. Ne2 b6 9. e4 Ne8 10. O-O Ba6 11. Qc2 ({RR} 11. Ng3 Na5 12. f4 Bxc4 13. Bxc4 Nxc4 14. f5 cxd4 15. cxd4 f6 16. Rb1 exf5 17. exf5 d5 18. Rb3 Qd7 19. Qh5 Ned6 20. Ne2 Qf7 21. Qh3 Rfe8 22. Nf4 Ne4 23. Ne6 Rac8 24. Qh4 Ncd2 25. Bxd2 Nxd2 {Jobava,B (2713)-Wojtaszek,R (2683) Khanty-Mansiysk 2011 ½-½ (36)}) 11... Na5 12. e5 f5 ({RR} 12... h6 13. f4 d6 14. f5 exf5 15. Ng3 dxe5 16. dxe5 Bxc4 17. Bxc4 Nxc4 18. Qxf5 Qd5 19. Bf4 Qe6 20. Qh5 f5 21. Rae1 Rd8 22. Bc1 Rd5 23. Nxf5 Rxe5 24. Rxe5 Nxe5 25. Bxh6 g6 26. Ne7+ Kh7 27. Qh4 {Pipiras,F (2195)-Kjartansson,G (2450) Reykjavik ISL 2025 0-1 (87)}) 13. Nf4 $146 ({RR} 13. exf6 Nxf6 14. Bg5 Qe8 15. dxc5 Bxc4 16. Bxf6 Bxd3 17. Qxd3 Rxf6 18. cxb6 axb6 19. Rab1 d5 20. Rxb6 Nc4 {½-½ (20) Alet,J (2183)-Primel,D (2064) Avoine 2006}) 13... Bxc4 14. Bxc4 Nxc4 15. Qa2 b5 16. a4 cxd4 17. axb5 Nxe5 18. cxd4 Ng6 19. d5 Nxf4 20. Bxf4 Nc7 21. dxe6 dxe6 22. Rfe1 Re8 23. Bxc7 Qxc7 24. Rxe6 Rxe6 25. Qxe6+ Qf7 26. Qxf7+ Kxf7 27. b6 a5 28. b7 Rb8 29. Rxa5 Rxb7 30. Rxf5+ Kg6 31. g4 Rb4 32. h3 h6 33. Kg2 Rb3 34. Re5 Kf6 35. Ra5 g5 36. f3 Kg6 37. Rd5 Rb2+ 38. Kg3 Rb3 39. Kf2 Rb2+ 40. Kg3 Rb3 41. Rd2 Ra3 42. Kf2 Ra7 43. Rd6+ Kg7 44. Rd3 Ra2+ 45. Kg3 Ra7 46. h4 Rf7 47. Rd5 Kg6 48. h5+ Kg7 49. Re5 Ra7 50. Kf2 Kf6 51. Rf5+ Kg7 52. Rd5 Ra2+ 53. Ke3 Ra7 54. Ke4 Rf7 55. Rd3 Rf8 56. Rc3 Rf7 57. Ke5 Kh7 58. Kd6 Rf6+ 59. Kd7 Rf7+ 60. Ke8 Kg7 61. Re3 Rf8+ 62. Kd7 Rf4 63. Re7+ Kg8 64. Re6 Kg7 65. Re3 Kg8 66. Re6 Kg7 67. Re3 Kg8 68. Ke6 Kg7 69. Rd3 1/2-1/2

[Event "87th Tata Steel Masters"]
[Site "Wijk aan Zee NED"]
[Date "2025.01.21"]
[Round "4.4"]
[White "Abdusattorov, Nodirbek"]
[Black "Wei Yi"]
[Result "1/2-1/2"]
[WhiteElo "2768"]
[BlackElo "2751"]
[PlyCount "82"]
[EventDate "2025.01.18"]

1. d4 Nf6 2. c4 e6 3. Nc3 Bb4 4. a3 Bxc3+ 5. bxc3 b6 6. f3 Nc6 7. e4 Na5 8. Bd3 Ba6 9. Qe2 c5 10. Nh3 cxd4 11. cxd4 Rc8 ({RR} 11... Nb3 12. e5 Ng8 13. Rb1 Nxd4 14. Qf2 Nc6 15. Qg3 Nge7 16. O-O Ng6 17. f4 Nce7 18. Ng5 Bb7 19. Bd2 O-O 20. Bb4 Nf5 21. Bxf5 exf5 22. Bxf8 Nxf8 23. Rbd1 Rc8 24. Nf3 a6 25. Nd4 Be4 26. Qh3 {Sapenov,D (2405)-Daneshvar,B (2640) Aktobe KAZ 2025 0-1 (80)}) 12. e5 Ng8 13. Nf2 $146 ({RR} 13. O-O Bxc4 14. Ng5 Ne7 15. Bd2 Nd5 16. f4 Nb3 17. f5 Nxd2 18. Qh5 Qe7 19. fxe6 Nxf1 20. Bxc4 Rxc4 21. Rxf1 g6 22. exf7+ Kd8 23. Qh6 Rf8 24. e6 dxe6 25. Nxe6+ {1-0 (25) Peng,L (2517)-Bracker,A (2276) Heraklion 2022}) 13... d5 14. exd6 Nf6 15. Bf4 Bxc4 16. O-O O-O 17. Rac1 Nd5 18. Bg3 Bxd3 19. Qxd3 Nb7 20. Ne4 f5 21. Nc3 Nxc3 22. Rxc3 Rxc3 23. Qxc3 f4 24. Bf2 Qxd6 25. Rc1 h6 26. h3 Na5 27. Kh2 Qd5 28. Qc7 Rf7 29. Qc8+ Rf8 30. Qc7 Rf7 31. Qc8+ Kh7 32. Re1 Qd7 33. Qxd7 Rxd7 34. Rxe6 Nc4 35. a4 Nb2 36. a5 Nd3 37. Bg1 bxa5 38. Ra6 Rd5 39. h4 Nb4 40. Rxa7 Kg6 41. g4 fxg3+ 1/2-1/2

[Event "Agzamov Memorial 14th"]
[Site "Tashkent"]
[Date "2021.08.19"]
[Round "6"]
[White "Abdusattorov, Nodirbek"]
[Black "Yakubboev, Nodirbek"]
[Result "1/2-1/2"]
[WhiteElo "2634"]
[BlackElo "2598"]
[PlyCount "35"]
[EventDate "2021.08.16"]
[EventType "swiss"]
[EventRounds "9"]
[EventCountry "UZB"]
[SourceTitle "CBM 203 Extra"]
[Source "ChessBase"]
[SourceDate "2021.09.30"]
[SourceVersion "1"]
[SourceVersionDate "2021.09.30"]
[SourceQuality "1"]

1. d4 Nf6 2. c4 e6 3. Nc3 Bb4 4. Qc2 d5 5. cxd5 Qxd5 6. Nf3 Qf5 7. Qb3 Nc6 8. Bd2 O-O 9. h3 a5 10. g4 Qg6 11. a3 Bxc3 ({RR} 11... a4 12. Qc4 Bxc3 13. Bxc3 Nd5 14. Bd2 f6 15. Rc1 Bd7 16. Qc2 Qxc2 17. Rxc2 Be8 18. e3 Bg6 19. Rc5 Be4 20. Be2 e5 21. O-O exd4 22. Nxd4 Nxd4 23. exd4 c6 24. Re1 Bg6 25. Bf1 Bf7 26. f4 {Kasparov,G (2812)-Karjakin,S (2773) Saint Louis 2017 ½-½ (44)}) 12. bxc3 Ne4 $146 ({RR} 12... a4 13. Qb2 Qe4 14. Bg2 Qd5 15. O-O Na5 16. Ne5 Qb3 17. Qc1 Nd7 18. Rb1 Qa2 19. Ra1 Qb3 20. c4 Nxe5 21. dxe5 Qb6 22. Qc3 Bd7 23. Rab1 Nb3 24. Be3 Qa6 25. Be4 Bc6 26. Bc2 Rfd8 27. Rfd1 {Gasanov,E (2551)-Maletin,P (2559) Dagomys 2009 1-0 (54)}) 13. Bf4 e5 14. dxe5 Be6 15. Qxb7 Bd5 16. Qb1 Nxc3 17. Qxg6 fxg6 18. Bd2 1/2-1/2

[Event "Abu Dhabi op 26th"]
[Site "Abu Dhabi"]
[Date "2019.08.03"]
[Round "2"]
[White "Aditya, Mittal"]
[Black "Abdusattorov, Nodirbek"]
[Result "0-1"]
[WhiteElo "2429"]
[BlackElo "2594"]
[PlyCount "128"]
[EventDate "2019.08.02"]
[EventType "swiss"]
[EventRounds "9"]
[EventCountry "UAE"]
[SourceTitle "CBM 191 Extra"]
[Source "ChessBase"]
[SourceDate "2019.09.30"]
[SourceVersion "1"]
[SourceVersionDate "2019.09.30"]
[SourceQuality "1"]

1. d4 Nf6 2. c4 e6 3. Nc3 Bb4 4. e3 O-O 5. Bd3 d5 6. Nf3 c5 7. O-O dxc4 8. Bxc4 b6 9. Qe2 Bb7 10. dxc5 Bxc3 11. bxc3 bxc5 12. Bd3 Nbd7 13. e4 c4 14. Bc2 Qa5 15. Rb1 Bc6 $146 ({RR} 15... Nc5 16. Rxb7 Nxb7 17. e5 Nd5 18. Bxh7+ Kxh7 19. Ng5+ Kg8 20. Qh5 Nf6 21. exf6 Qf5 22. g4 Qg6 23. Qxg6 fxg6 24. f7+ Rxf7 25. Nxf7 Kxf7 26. Be3 e5 27. f4 Ke6 28. fxe5 Nd8 29. Rf8 Rb8 30. Bxa7 {Furman,S-Geller,E Riga 1958 ½-½ (52)}) 16. Qxc4 Rac8 17. Qe2 Qxc3 18. Bb2 Bb5 19. Qxb5 Qxc2 20. Bxf6 Nxf6 21. e5 Nd5 22. Qb2 Qa4 23. Rfc1 h6 24. h3 Rfd8 25. Rxc8 Rxc8 26. Qb3 Qe4 27. Re1 Qc2 28. Nd4 Qc5 29. Nf3 a5 30. Nd2 Qb4 31. Nf3 Rc3 32. Qxb4 axb4 33. Re2 g5 34. Rb2 Kg7 35. Nd4 Rc1+ 36. Kh2 Rc4 37. Nb5 Kg6 38. Nd6 Rc3 39. Nb5 Rc1 40. Nd6 h5 41. g3 Rc3 42. Kg2 h4 43. Ne4 Ra3 44. Nf6 Nxf6 45. exf6 hxg3 46. fxg3 Ra4 47. Rf2 e5 48. Kg1 Ra6 49. Kg2 Rxf6 50. Rb2 Ra6 51. g4 Ra4 52. Kf3 f6 53. Rc2 Ra3+ 54. Kg2 Kf7 55. Rb2 Ra4 56. Rc2 Ke6 57. Rc6+ Kd5 58. Rxf6 Rxa2+ 59. Kg3 b3 60. Rb6 b2 61. h4 Kc4 62. hxg5 Ra3+ 63. Kh4 Rb3 64. Rc6+ Kd5 0-1

[Event "Abu Dhabi op 26th"]
[Site "Abu Dhabi"]
[Date "2019.08.04"]
[Round "4"]
[White "Aleksandrov, Aleksej"]
[Black "Abdusattorov, Nodirbek"]
[Result "1/2-1/2"]
[WhiteElo "2571"]
[BlackElo "2594"]
[PlyCount "51"]
[EventDate "2019.08.02"]
[EventType "swiss"]
[EventRounds "9"]
[EventCountry "UAE"]
[SourceTitle "CBM 191 Extra"]
[Source "ChessBase"]
[SourceDate "2019.09.30"]
[SourceVersion "1"]
[SourceVersionDate "2019.09.30"]
[SourceQuality "1"]

1. d4 Nf6 2. c4 e6 3. Nc3 Bb4 4. e3 O-O 5. Bd3 d5 6. Nf3 c5 7. O-O dxc4 8. Bxc4 b6 9. dxc5 Qxd1 10. Rxd1 Bxc5 11. b3 Bb7 12. Bb2 Nbd7 13. Rac1 Rfc8 $146 ({RR} 13... Rfd8 14. h3 Be7 15. Kf1 Nc5 {½-½ (15) Lein,A (2505)-Shamkovich,L (2485) Pasadena 1978}) 14. Bb5 Nf8 15. Be2 Be7 16. Nd2 Nd5 17. Nxd5 Bxd5 18. Bf3 Bxf3 19. Nxf3 f6 20. Kf1 e5 21. Ke2 Kf7 22. Nd2 Ke6 23. g4 Nd7 24. Ne4 Rxc1 25. Rxc1 Nc5 26. Nxc5+ 1/2-1/2

[Event "Chessable Masters Play-In"]
[Site "chess.com INT"]
[Date "2025.02.17"]
[Round "5"]
[White "Dai, Changren"]
[Black "Abdusattorov, Nodirbek"]
[Result "0-1"]
[WhiteElo "2527"]
[BlackElo "2766"]
[PlyCount "98"]
[EventDate "2025.02.17"]

1. d4 Nf6 2. c4 e6 3. Nc3 Bb4 4. e3 b6 5. Nge2 Ne4 6. Bd2 Nxd2 7. Qxd2 Bb7 8. a3 Be7 9. e4 ({RR} 9. d5 d6 10. g3 Nd7 11. Bg2 a5 12. b3 O-O 13. O-O e5 14. b4 Bc8 15. Nb5 h5 16. f4 Bf6 17. Nec3 Re8 18. Rae1 axb4 19. axb4 exf4 20. exf4 Rxe1 21. Rxe1 Nf8 22. Ne4 Be7 23. Nd4 Bd7 {Sarana,A (2717)-Caruana,F (2796) chess.com INT 2024 1-0 (51)}) ({RR} 9. d5 O-O 10. f4 a5 11. g4 Na6 12. Ng3 Re8 13. O-O-O Nc5 14. Kb1 Bf8 15. g5 exd5 16. cxd5 b5 17. Bxb5 Ba6 18. a4 Qc8 19. Nf5 c6 20. Nh6+ gxh6 21. gxh6 Qd8 22. Qd4 f6 23. dxc6 Re6 {Maghsoodloo,P (2723)-Gledura,B (2628) Baden Baden GER 2025 1-0}) ({RR} 9. Nf4 d6 10. Be2 O-O 11. O-O Nd7 12. Rad1 Nf6 13. Qc2 d5 14. cxd5 exd5 15. b4 Bd6 16. Nd3 c6 17. a4 Qc7 18. g3 h5 19. Bf3 Rfe8 20. Nf4 h4 21. Rc1 Qd7 22. b5 Rac8 23. Qa2 Bxf4 {Panda,S (2380)-Abdusattorov,N (2777) Tashkent UZB 2024 0-1 (35)}) 9... Nc6 10. b4 O-O 11. g3 Bf6 $146 ({RR} 11... e5 12. d5 Nd4 13. Nxd4 exd4 14. Ne2 c5 15. Bg2 Bf6 16. O-O d6 17. Nc1 b5 18. bxc5 bxc4 19. Qb4 Ba6 20. Qa4 Qc8 21. Bh3 Qb7 22. Bd7 dxc5 23. Bc6 Qb6 24. Bxa8 Rxa8 25. Rb1 Qxb1 26. Qxa6 {Lobanov,S (2516)-Shubin,K (2443) Khanty-Mansiysk RUS 2023 0-1 (32)}) ({RR} 11... e5 12. d5 Nd4 13. Nxd4 exd4 14. Ne2 c5 15. Bg2 Bf6 16. O-O d6 17. Nc1 b5 18. bxc5 bxc4 19. Qb4 Ba6 20. Qa4 Qc8 21. Bh3 Qb7 22. Bd7 dxc5 23. Bc6 Qb6 24. Bxa8 Rxa8 25. Rb1 Qxb1 26. Qxa6 {Lobanov,S (2516)-Shubin,K (2443) Khanty-Mansiysk RUS 2023 0-1 (32)}) 12. f4 d6 13. Bg2 e5 14. d5 Nb8 15. O-O Ba6 16. Qd3 Nd7 17. f5 g6 18. a4 Bc8 19. a5 a6 20. Kh1 Kh8 21. Nd1 bxa5 22. Rxa5 Rb8 23. Qc3 Bg5 24. Ng1 Bh6 25. Nf3 Nf6 26. Nh4 Bg5 27. Ra2 Bxh4 28. gxh4 gxf5 29. exf5 Rg8 30. Ne3 Qf8 31. c5 Bd7 32. c6 Bc8 33. Nc4 Qh6 34. Ra3 Rb5 35. Nxe5 dxe5 36. Qxe5 Rxb4 37. Rg3 Re8 38. Qxc7 Rxh4 39. Qxf7 Rxh2+ 40. Kg1 Re2 41. d6 Rexg2+ 42. Rxg2 Rh1+ 43. Kf2 Qf4+ 44. Ke2 Qxf1+ 45. Ke3 Rh3+ 46. Kd4 Qf4+ 47. Kc5 Qe3+ 48. Kb4 Qd4+ 49. Ka5 Ra3# 0-1

[Event "Abu Dhabi op 25th"]
[Site "Abu Dhabi"]
[Date "2018.08.15"]
[Round "9"]
[White "Debashis, Das"]
[Black "Abdusattorov, Nodirbek"]
[Result "1/2-1/2"]
[WhiteElo "2539"]
[BlackElo "2539"]
[PlyCount "31"]
[EventDate "2018.08.07"]
[EventType "swiss"]
[EventRounds "9"]
[EventCountry "UAE"]
[SourceTitle "CBM 185 Extra"]
[Source "ChessBase"]
[SourceDate "2018.07.29"]
[SourceVersion "1"]
[SourceVersionDate "2018.07.29"]
[SourceQuality "1"]

1. d4 Nf6 2. c4 e6 3. Nc3 Bb4 4. Nf3 O-O 5. Qc2 d5 6. a3 Bxc3+ 7. Qxc3 dxc4 8. Qxc4 b6 9. Bg5 Ba6 10. Qa4 h6 11. Bh4 Bb7 ({RR} 11... c5 12. dxc5 bxc5 13. Rd1 Qb6 14. Bxf6 gxf6 15. e3 Bxf1 16. Kxf1 Nc6 17. Rb1 Rad8 18. Ke2 Rd5 19. Rhc1 Rb8 20. b4 Ne5 21. Nxe5 Rxe5 22. Kf1 Qb5+ 23. Qxb5 Rxb5 24. Ke2 cxb4 25. Rxb4 Rxb4 26. axb4 {Giri,A (2761)-So,W (2776) Stavanger 2022 ½-½ (31)}) 12. e3 Qd7 ({RR} 12... Nbd7 13. Bb5 Qc8 14. Rc1 c5 15. Bxf6 Nxf6 16. dxc5 bxc5 17. b4 Ne4 18. O-O Qc7 19. Bd3 Rfd8 20. Bxe4 Bxe4 21. bxc5 Bc6 22. Qc2 Rac8 23. Nd4 Ba8 24. Rfd1 Rd5 25. Nb5 Qxc5 26. Rxd5 Qxc2 27. Rxc2 {Divya,D (2490)-Gurel,E (2624) Wijk aan Zee NED 2025 1-0 (56)}) 13. Bb5 $146 ({RR} 13. Qc2 Be4 14. Bd3 Bxd3 15. Qxd3 c5 16. Bxf6 gxf6 17. Rd1 cxd4 18. Nxd4 Nc6 19. Qb5 Rac8 20. O-O e5 21. Ne2 Qe6 22. Ng3 Rfd8 23. Rxd8+ Rxd8 24. Rc1 Ne7 25. h3 f5 26. Qe2 f4 27. exf4 exf4 {Ushenina,A (2458)-Gunina,V (2520) Hancheng 2016 ½-½ (43)}) 13... c6 14. Be2 c5 15. Qd1 cxd4 16. Qxd4 1/2-1/2

[Event "87th Tata Steel Masters"]
[Site "Wijk aan Zee NED"]
[Date "2025.02.01"]
[Round "12.5"]
[White "Erigaisi, Arjun"]
[Black "Abdusattorov, Nodirbek"]
[Result "1-0"]
[WhiteElo "2801"]
[BlackElo "2768"]
[PlyCount "91"]
[EventDate "2025.01.18"]

1. d4 Nf6 2. c4 e6 3. Nc3 Bb4 4. Qc2 d6 5. e3 O-O 6. Bd3 c5 7. Nf3 ({RR} 7. Nge2 Nc6 8. O-O h6 9. Rd1 Qe7 10. Ne4 Rd8 11. a3 Ba5 12. dxc5 dxc5 13. Nxf6+ Qxf6 14. Bh7+ Kf8 15. Rxd8+ Qxd8 16. Be4 Bd7 17. b3 Qe7 18. Bb2 Rd8 19. Rd1 Be8 20. f4 Bc7 21. g3 f6 {Deac,B (2668)-Carlsen,M (2837) chess.com INT 2025 0-1 (48)}) 7... Nc6 8. O-O Bxc3 ({RR} 8... h6 9. Na4 Qe7 10. a3 Ba5 11. dxc5 dxc5 12. Bd2 Bc7 13. Rab1 Rd8 14. Bc3 Bd6 15. Rfd1 b6 16. b3 Bb7 17. Ba1 Rd7 18. Rd2 Rad8 19. Rbd1 Bc7 20. Nc3 Ne5 21. Nxe5 Bxe5 22. h3 Bb8 23. Bb2 {Kanyamarala,T (2389)-Parligras,M (2518) Eforie Nord ROU 2025 ½-½ (41)}) 9. Qxc3 Qe7 $146 ({RR} 9... e5 10. d5 Ne7 11. Nd2 b5 12. b3 Bb7 13. Qc2 Ng6 14. Bb2 Qe7 15. Rae1 Rfe8 16. Qb1 bxc4 17. bxc4 Rab8 18. f4 Ba6 19. Bxg6 hxg6 20. fxe5 dxe5 21. Qc2 Nd7 22. e4 Nb6 23. Ba3 Rbc8 24. Rc1 {Barrish,D (2347)-Berczes,D (2439) Budapest HUN 2024 1-0 (34)}) ({RR} 9... e5 10. d5 Ne7 11. Nd2 b5 12. b3 Bb7 13. Qc2 Ng6 14. Bb2 Qe7 15. Rae1 Rfe8 16. Qb1 bxc4 17. bxc4 Rab8 18. f4 Ba6 19. Bxg6 hxg6 20. fxe5 dxe5 21. Qc2 Nd7 22. e4 Nb6 23. Ba3 Rbc8 24. Rc1 {Barrish,D (2347)-Berczes,D (2439) Budapest HUN 2024 1-0 (34)}) 10. dxc5 dxc5 11. Ne5 Nxe5 12. Qxe5 Rd8 13. Bc2 Ng4 14. Qg3 e5 15. f3 Nf6 16. b3 Nh5 17. Qf2 Bd7 18. Bb2 Bc6 19. Rad1 h6 20. h3 Nf6 21. Qg3 Rxd1 22. Rxd1 Re8 23. a4 Nh5 24. Qf2 Qg5 25. g4 f5 26. h4 Qg6 27. Bxf5 Qf7 28. Rd6 Nf6 29. g5 hxg5 30. hxg5 Nh5 31. Bg4 Qe7 32. Rxc6 bxc6 33. Bxh5 Qxg5+ 34. Bg4 e4 35. Kf1 Qg6 36. Qc2 Rf8 37. Qg2 exf3 38. Be6+ Kh7 39. Qh3+ Qh6 40. Kf2 Rb8 41. Bf5+ g6 42. Bxg6+ Kxg6 43. Qe6+ Kh5 44. Bf6 Qh7 45. Qe5+ Kg6 46. Qxb8 1-0

[Event "Tata Steel-B 82nd"]
[Site "Wijk aan Zee"]
[Date "2020.01.13"]
[Round "3"]
[White "Ganguly, Surya Shekhar"]
[Black "Abdusattorov, Nodirbek"]
[Result "1/2-1/2"]
[WhiteElo "2636"]
[BlackElo "2635"]
[PlyCount "121"]
[EventDate "2020.01.11"]
[EventType "tourn"]
[EventRounds "13"]
[EventCountry "NED"]
[EventCategory "15"]
[SourceTitle "CBM 194"]
[Source "ChessBase"]
[SourceDate "2020.01.27"]
[SourceVersion "1"]
[SourceVersionDate "2020.01.27"]
[SourceQuality "1"]

1. d4 Nf6 2. c4 e6 3. Nc3 Bb4 4. e3 O-O 5. Bd2 d5 6. Nf3 b6 7. cxd5 exd5 8. Rc1 Bb7 9. Bd3 a6 10. O-O Bd6 11. Ne5 c5 12. Bb1 ({RR} 12. f4 Nc6 13. Be1 cxd4 14. Nxc6 Bxc6 15. Ne2 Bd7 16. Nxd4 Re8 17. Qf3 Qe7 18. Bd2 Bc5 19. Rfe1 Bxd4 20. exd4 Ne4 21. Bxe4 dxe4 22. Qe3 Qe6 23. a3 Qd5 24. h3 h5 25. Qf2 Rac8 26. Rxc8 Rxc8 {Ding,L (2791)-Firouzja,A (2728) chess24.com INT 2020 ½-½ (42)}) ({RR} 12. f4 Nc6 13. Be1 cxd4 14. Nxc6 Bxc6 15. Ne2 Bd7 16. Nxd4 Re8 17. Qb3 Qe7 18. Rf3 Bc5 19. h3 Qd6 20. Kh1 Ne4 21. Rd1 b5 22. Bb1 Rac8 23. Ne2 Bc6 24. Ng3 Nxg3+ 25. Rxg3 g6 26. a3 Re7 {Rohith,K (2481)-Hou,Y (2199) Petrovac MNE 2025 0-1 (35)}) 12... Nbd7 13. f4 b5 14. Be1 $146 ({RR} 14. Ne2 Rc8 15. Ng3 cxd4 16. exd4 Qb6 17. Nf5 Rxc1 18. Qxc1 Rd8 19. Qe1 Bc7 20. Bb4 g6 21. Qh4 Ne4 22. Nxd7 Rxd7 23. Qh6 gxf5 24. Qf8# {1-0 (24) Romanov,E (2555)-Kvaloy,A (2347) Oslo NOR 2023}) 14... cxd4 15. exd4 Be7 16. Qf3 Nxe5 17. dxe5 Ne4 18. Rd1 g6 19. Nxd5 Bxd5 20. Rxd5 Qxd5 21. Bxe4 Qd8 22. Bxa8 Qxa8 23. Qxa8 Rxa8 24. Bf2 Rc8 25. Be3 f6 26. b3 fxe5 27. fxe5 Rc2 28. Rf2 Rc3 29. Rf3 Rc2 30. Rf2 Rc3 31. Re2 Kf7 32. e6+ Ke8 33. Kf2 Bf6 34. g4 Rc6 35. Bd2 Be7 36. Kf3 Bf6 37. Bb4 Be7 38. Be1 Bf6 39. Kf4 h6 40. Kf3 Bg5 41. Bb4 Kd8 42. e7+ Ke8 43. Re4 Bf6 44. Re2 Bg5 45. Re4 Bf6 46. Re3 Bd4 47. Re2 Bc5 48. Bxc5 Rxc5 49. Ke4 h5 50. Kd4 Rg5 51. gxh5 Rxh5 52. Rg2 Kxe7 53. Rxg6 a5 54. Rg2 a4 55. Rd2 axb3 56. axb3 Kd6 57. Rg2 Rh4+ 58. Kc3 Kc5 59. b4+ Kd5 60. Rg5+ Kc6 61. Rg2 1/2-1/2

[Event "Biel 55th"]
[Site "Biel"]
[Date "2022.07.16"]
[Round "3"]
[White "Keymer, Vincent"]
[Black "Abdusattorov, Nodirbek"]
[Result "1/2-1/2"]
[WhiteElo "2686"]
[BlackElo "2688"]
[PlyCount "85"]
[EventDate "2022.07.14"]
[EventType "tourn"]
[EventRounds "7"]
[EventCountry "SUI"]
[EventCategory "18"]
[SourceTitle "CBM 209 Extra"]
[Source "ChessBase"]
[SourceDate "2022.09.30"]
[SourceVersion "1"]
[SourceVersionDate "2022.09.30"]
[SourceQuality "1"]

1. d4 Nf6 2. c4 e6 3. Nf3 d5 4. Nc3 Bb4 5. e3 c5 6. Bd2 cxd4 7. Qa4+ Nc6 8. Nxd4 Bd7 9. Nxc6 Bxc3 10. Bxc3 Bxc6 11. Qa3 $146 ({RR} 11. Qa5 Qxa5 12. Bxa5 O-O 13. f3 Rfc8 14. cxd5 Bxd5 15. e4 Bc4 16. Bxc4 Rxc4 17. Kd2 Rac8 18. Bc3 Nd7 19. Rhd1 f6 20. Ke3 Nb6 21. Ba5 Rc2 22. Bxb6 axb6 23. Rd2 Rxd2 24. Kxd2 Kf7 25. Rc1 Rxc1 {Erigaisi,A (2567)-Aronian,L (2781) chess24.com INT 2021 ½-½ (43)}) 11... Ne4 12. Rd1 Nxc3 13. Qxc3 Qf6 14. Qxf6 gxf6 15. f3 Ke7 16. Bd3 dxc4 17. Bxc4 f5 18. Kf2 Rhd8 19. h3 Rac8 20. Rxd8 Rxd8 21. Ke2 Rg8 22. Rg1 Kf6 23. g3 a5 24. Bd3 e5 25. f4 Bd5 26. a3 h6 27. Kf2 Rc8 28. Rd1 Bb3 29. Rd2 Rd8 30. Ke1 Rg8 31. Kf2 Rd8 32. Ke1 Rg8 33. Bf1 Be6 34. Kf2 Rc8 35. Be2 Rc6 36. Bf3 Rb6 37. Rc2 Rb3 38. Bd1 Rb6 39. Be2 Rb3 40. Rd2 Rb6 41. Bf3 Rb5 42. Bd1 Rb6 43. Bf3 1/2-1/2

[Event "WR Chess Masters 2023"]
[Site "Dusseldorf GER"]
[Date "2023.02.21"]
[Round "5.4"]
[White "Keymer, Vincent"]
[Black "Abdusattorov, Nodirbek"]
[Result "1-0"]
[WhiteElo "2690"]
[BlackElo "2734"]
[PlyCount "103"]
[EventDate "2023.02.16"]

1. d4 Nf6 2. c4 e6 3. Nc3 Bb4 4. e3 O-O 5. Bd3 d5 6. cxd5 exd5 7. Nge2 Re8 8. O-O Nbd7 9. Qb3 Bd6 10. Nxd5 Nxd5 11. Qxd5 Nc5 12. Bxh7+ Kxh7 13. Qh5+ Kg8 14. dxc5 Re5 15. Qf3 Rxc5 $146 ({RR} 15... Rf5 16. Nf4 Rxc5 17. Rd1 Qf6 18. Bd2 Qxb2 19. Nd3 Qb5 20. Nxc5 Qxc5 21. e4 Qe5 22. g3 Bh3 23. Bf4 Qe6 24. e5 Bc5 25. Qxb7 Rc8 26. Rac1 Bb6 27. Qd5 Qf5 28. e6 Qxd5 29. Rxd5 Bxe6 30. Rd2 {Navara,D (2679)-Ioannidis,E (2513) Zagreb CRO 2023 1-0 (62)}) ({RR} 15... Rf5 16. Nf4 Rxc5 17. b3 Bd7 18. Ba3 Bc6 19. Qh3 Rg5 20. Bxd6 Qxd6 21. Rad1 Qe5 22. Rd4 g6 23. Rfd1 Kg7 24. g3 Rh8 25. Qf1 Bf3 26. R1d2 Qf5 27. Rd7 Qf6 28. Rxc7 Re5 29. Rdd7 Rf8 30. Qc4 {Abdulrahman Mohammad,A (2105)-Saydaliev,S (2448) Kazan RUS 2024 1-0 (64)}) 16. Ng3 Bd7 17. e4 Qh4 18. Bd2 Rb5 19. Bc3 Re8 20. Rae1 Rg5 21. e5 Bc6 22. Qd3 Bc5 23. b4 Bb6 24. b5 Re6 25. Ne4 Rxg2+ 26. Kxg2 Rg6+ 27. Kh1 Rh6 28. h3 Bxb5 29. Qf3 Bd7 30. e6 Bxe6 31. Rg1 Qxh3+ 32. Qxh3 Rxh3+ 33. Kg2 Rh5 34. Kf3 Rf5+ 35. Ke2 g6 36. Rh1 Kf8 37. Bf6 Ke8 38. Rh8+ Kd7 39. Rd8+ Kc6 40. Bd4 Bxd4 41. Rxd4 b6 42. a3 Kb7 43. Rc1 Rh5 44. Ke3 a5 45. f3 Rb5 46. Rc3 Rh5 47. Rd1 a4 48. Rd4 Ra5 49. Rb4 Re5 50. Kf2 c6 51. Nc5+ Kc7 52. Nxe6+ 1-0

[Event "Porticcio op 5th"]
[Site "Porticcio"]
[Date "2018.07.06"]
[Round "8"]
[White "Kosteniuk, Alexandra"]
[Black "Abdusattorov, Nodirbek"]
[Result "1-0"]
[WhiteElo "2555"]
[BlackElo "2534"]
[PlyCount "51"]
[EventDate "2018.06.30"]
[EventType "swiss"]
[EventRounds "9"]
[EventCountry "FRA"]
[SourceTitle "CBM 185 Extra"]
[Source "ChessBase"]
[SourceDate "2018.07.29"]
[SourceVersion "1"]
[SourceVersionDate "2018.07.29"]
[SourceQuality "1"]

1. d4 Nf6 2. c4 e6 3. Nc3 Bb4 4. e3 O-O 5. Bd3 d5 6. a3 Bxc3+ 7. bxc3 dxc4 8. Bxc4 c5 9. Ne2 b6 10. O-O Qc7 ({RR} 10... Ba6 11. Bxa6 Nxa6 12. f3 Rc8 13. e4 cxd4 14. cxd4 Nd7 15. Bb2 Nab8 16. Qd2 Nc6 17. Rfd1 Na5 18. Qf4 Nc4 19. Bc3 a5 20. a4 Qf6 21. Qg3 Qg6 22. Qh4 Rfe8 23. Nf4 Qf6 24. Qg3 h6 25. h4 {Victor,J (2304)-Estrada Nieto,J (2184) chess.com INT 2025 1-0 (52)}) 11. Ba2 ({RR} 11. Bd3 Ba6 12. e4 Bxd3 13. Qxd3 Nbd7 14. Bg5 h6 15. Bh4 b5 16. f3 a6 17. g4 Rfc8 18. Qe3 cxd4 19. cxd4 Qb6 20. g5 hxg5 21. Bxg5 Rc2 22. Kh1 e5 23. Rg1 Rac8 24. Rad1 Ra2 25. Rd2 Rcc2 {Niemann,H (2678)-Abdusattorov,N (2661) Prague 2022 ½-½ (49)}) 11... Ba6 ({RR} 11... Rd8 12. Bb2 Ba6 13. Rc1 Nc6 14. c4 cxd4 15. exd4 Ng4 16. Ng3 Qf4 17. h3 Nf6 18. Ne2 Qh4 19. Qa4 Bb7 20. Qb3 Rac8 21. Rfd1 Na5 22. Qg3 Qxg3 23. Nxg3 Ba6 24. c5 Bb7 25. Bc3 Nc6 26. cxb6 {Rakhmanov,A (2653)-Mamedyarov,S (2799) Riadh 2017 0-1 (38)}) 12. Bb2 Nc6 $146 ({RR} 12... Ng4 13. Ng3 Bxf1 14. Qxg4 Bd3 15. c4 Bg6 16. d5 e5 17. h4 f5 18. Qg5 Rf6 19. h5 h6 20. Qxf6 gxf6 21. hxg6 Kg7 22. Bb1 Kxg6 23. Bxf5+ Kg7 24. d6 Qd8 25. Be4 Nd7 26. Nf5+ Kf8 27. Bd5 {Slizunkov,D (2144)-Gubsky,E (2290) Sochi 2019 0-1 (58)}) ({RR} 12... Rd8 13. Rc1 Nc6 14. c4 cxd4 15. exd4 Na5 16. d5 e5 17. Ng3 Bxc4 18. Nf5 Qd7 19. Nh6+ gxh6 20. Bxc4 Nxc4 21. Rxc4 Qxd5 22. Qc1 Rd6 23. Re1 Re8 24. Rc7 Ne4 25. Qe3 Nc5 26. Bxe5 Qxe5 27. Qg3+ {Hakobyan,A (2601)-Nakamura,H (2750) Chess.com INT 2022 0-1}) 13. c4 cxd4 14. exd4 Rfd8 15. d5 e5 16. f4 Ng4 17. Qc1 Na5 18. fxe5 Nxe5 19. Qg5 Re8 20. Rac1 Rac8 21. c5 f6 22. d6+ Bc4 23. Rxc4 Naxc4 24. Qxe5 Qxc5+ 25. Qxc5 Rxc5 26. Nd4 1-0